| 000 | 00628nac a22002057a 4500 | ||
|---|---|---|---|
| 003 | OSt | ||
| 005 | 20230503060919.0 | ||
| 008 | 230503b |||||||| |||| 00| 0 eng d | ||
| 020 | _a9780415875165 | ||
| 040 | _cDDC | ||
| 082 |
_a807.1273 _bT253 2011 |
||
| 245 |
_aTeaching literature to adolescents/ _cRichard Beach [and three others].-- |
||
| 250 | _aSecond edition. | ||
| 260 |
_aNew York City: _bRoutledge, _cc2011. |
||
| 300 |
_axiv, 274 pages _c26 cm. |
||
| 521 | _aEducation AB English | ||
| 650 | _aTeaching -- Literature. | ||
| 700 | _aRichard Beach, Deborah Appleman, Susan Hynds and Jeffrey Wilhelm | ||
| 942 |
_2ddc _cBK _n0 |
||
| 999 |
_c8 _d8 |
||